000 00830cam a22001935a 4500
001 L156014
008 120424s1823 xxk f 000 0 eng d
035 _a(Sirsi) u156014
041 0 _aeng
100 1 _aBayldon, J. S.
245 0 4 _aThe art of valuing rents and tillages
_bwherein is explained the manner of valuing the tenant's right on entering and quitting farms, in Yorkshire and the adjoining counties : the whole is adapted for the use of landlords, land agents, appraisers, farmers, and tennants
260 _aLondon
_bPrinted for Longman, Hurst, Rees, Orme and Brown
_c1823
300 _a[4], 187, [1] p.
_bill., plan
_c24 cm.
583 _aCondition reviewed
_c20120620
_lcondition level 2 and 4
651 4 _aGreat Britain
_y1707-
690 _aLandlord and tenant
_96252
690 _aValuation
_96273
942 _n0
999 _c113980
_d113980